Yüklüyor......
Annual Report 2014-15
| Diğer Yazarlar: | |
|---|---|
| Materyal Türü: | Report |
| Baskı/Yayın Bilgisi: |
Vishakhapatnam
Andhra University
2014-15
|
| LEADER | 00446nam a22001457a 4500 | ||
|---|---|---|---|
| 003 | OSt | ||
| 999 | |c 191770 |d 191770 | ||
| 082 | |a AU/AR/2014-15 | ||
| 245 | |a Annual Report 2014-15 | ||
| 260 | |a Vishakhapatnam |b Andhra University |c 2014-15 | ||
| 300 | |a 216 | ||
| 546 | |a English | ||
| 700 | |a Andhra University | ||
| 942 | |2 ddc |c REP | ||
| 952 | |0 0 |1 0 |2 ddc |4 0 |6 AU_AR_201415 |7 0 |9 198264 |a KAUCLV |b KAUCLV |c REPORTS |d 2019-08-17 |o AU/AR/2014-15 |p 808897 |r 2019-08-17 |w 2019-08-17 |y REP | ||